Qué dice Ud. después de decir hola?: la psicología del destino humano
Saved in:
| Hovedforfatter: | |
|---|---|
| Format: | Bog |
| Sprog: | spansk |
| Udgivet: |
Barcelona
Grijalbo
1983
|
| Serier: | Autoayuda y superación
|
| Fag: | |
| Tags: |
Tilføj Tag
Ingen Tags, Vær først til at tagge denne postø!
|
MARC
| LEADER | 00000nam a2200000 a 4500 | ||
|---|---|---|---|
| 001 | UCW0201 | ||
| 003 | CL-VaPUC | ||
| 008 | 910327e19830000SP |||||||||||||||||spa|d | ||
| 082 | 0 | 4 | |a 158 |b BER |2 21 |
| 100 | 0 | |a Berne, Eric |e author |9 304158 | |
| 245 | 1 | 0 | |a Qué dice Ud. después de decir hola?: la psicología del destino humano |
| 300 | |a 490 p | ||
| 942 | |c BK | ||
| 945 | |d 19910327 00:00:00 | ||
| 260 | |a Barcelona |b Grijalbo |c 1983 | ||
| 650 | 0 | |a Actitud |9 258129 | |
| 650 | 0 | |a Análisis transaccional |9 269291 | |
| 650 | 7 | |a PSICOTERAPIA CENTRADA EN EL CLIENTE |2 CL-VaPUC |9 269292 | |
| 583 | |a last modification |c 20160105 01:52:12 |k Rodrigo Vera | ||
| 490 | 0 | |a Autoayuda y superación | |
| 999 | |c 215429 |d 215427 | ||
| 952 | |0 0 |1 0 |4 0 |6 158_000000000000000_BER_1983 |7 0 |8 P |9 199715 |a BIBEDU |b BIBEDU |c BIBEDU_PB |d 2019-11-14 |i 2669714 |o 158 BER 1983 |p 2669714 |r 2024-01-25 |w 2019-11-14 |y BK |k EDU | ||